00356pab a2200133 454500008004000000100002000040245002800060260000900088300001300097362001100110650003900121650002800160773003400188180718b2011 xxu||||| |||| 00| 0 eng d aZaidi, S. Akbar aIs Pakistan collapsing? c2011 ap.16-20. a18 Jun aPakistan - Politics and government aPolitics and government aEconomic and Political Weekly